Statistics for Similar Countries on Different Continents

Click here to take the quiz!

General Stats

  • This quiz has been taken 18 times
  • The average score is 33 of 44

Answer Stats

ContinentSimilar Countries on Different ContinentCountry% Correct
N AmericaAustralia (2nd), Norway (3rd), Sweden (4th), United Kingdom (5th)Canada
100%
S AmericaMexico (4th), Panama (5th)Peru
94%
N AmericaAustralia (2nd), United Kingdom (3rd), New Zealand (4th), Ireland (5th)United States
94%
S AmericaTrinidad & Tobago (2nd), Belize (3rd)Suriname
94%
S AmericaNicaragua (3rd), Mexico (4th), Panama (5th)Venezuela
94%
S AmericaMexico (5th)Argentina
94%
S AmericaHonduras (3rd), Costa Rica (5th)Ecuador
94%
S AmericaTrinidad & Tobago (2nd), Belize (3rd), Jamaica (4th), Bahamas (5th)Guyana
88%
S AmericaPanama (1st), Costa Rica (4th)Colombia
88%
OceaniaCanada (2nd), United Kingdom (3rd), Ireland (4th), United States (5th)Australia
82%
AsiaTunisia (3rd)Turkey
82%
OceaniaUnited Kingdom (2nd), Ireland (3rd), Canada (4th), Norway (5th)New Zealand
82%
S AmericaHonduras (5th)Bolivia
82%
N AmericaEcuador (4th)Guatemala
82%
N AmericaColombia (3rd)Dominican Republic
82%
N AmericaVenezuela (2nd)Cuba
82%
AsiaEgypt (1st), Libya (4th)Syria
76%
OceaniaEast Timor (5th)Solomon Islands
76%
N AmericaColombia (1st), Ecuador (3rd)Mexico
76%
OceaniaBelize (5th)Samoa
76%
AsiaUnited Kingdom (4th)Japan
76%
AsiaItaly (1st), Greece (2nd), Belgium (3rd), Netherlands (5th)Israel
76%
AsiaFrance (5th)South Korea
76%
AfricaYemen (3rd)Sudan
76%
N AmericaColombia (3rd), Ecuador (5th)Costa Rica
76%
AfricaJordan (4th), Syria (5th)Morocco
76%
AfricaJordan (5th)Algeria
76%
OceaniaTrinidad & Tobago (5th)Fiji
71%
OceaniaEast Timor (4th)Papua New Guinea
71%
N AmericaGuyana (4th)Jamaica
71%
AsiaSudan (1st), Mauritania (2nd), Libya (5th)Yemen
71%
AfricaSyria (5th)Tunisia
71%
AsiaEgypt (2nd), Algeria (4th), Libya (5th)Iraq
71%
AsiaEgypt (2nd)Iran
71%
AsiaPapua New Guinea (1st), Solomon Islands (2nd), Vanuatu (3rd)East Timor
65%
AsiaTunisia (2nd)Lebanon
65%
AfricaSyria (2nd), Iraq (4th)Egypt
65%
AsiaEgypt (4th), Morocco (5th)Jordan
65%
N AmericaTogo (5th)Haiti
65%
AsiaTrinidad & Tobago (4th)Singapore
59%
N AmericaGuyana (3rd), Mauritius (5th)Trinidad & Tobago
59%
AsiaDominican Republic (2nd)Philippines
59%
AsiaMauritania (5th)Afghanistan
47%
AsiaMoldova (3rd), North Macedonia (4th), Serbia (5th)Armenia
35%

Score Distribution

Percentile by Number Answered

Percent of People with Each Score

Your Score History

You have not taken this quiz